000 00428nam a2200133Ia 4500
999 _c12623
_d12623
082 _aTL.0038
100 _aLeela Kumari
245 0 _aDevelopment of women's education in Uttar Pradesh since independence with special reference to Varanasi
260 _c1984
_bBanaras Hindu University
300 _a288p. + C D - 44
650 _aWOMEN - EDUCATION - UTTAR PRADESH - VARANASI
710 _aVarshney, Sarojini
942 _cTH
_2ddc